[Event "110th ch-GBR 2024"]
[Site "Hull ENG"]
[Date "2024.08.04"]
[Round "9.18"]
[White "Davies, Nigel R"]
[Black "Stubbs, Oliver"]
[Result "1/2-1/2"]
[WhiteTitle "GM"]
[WhiteElo "2325"]
[BlackElo "2146"]
[WhiteFideId "404420"]
[BlackFideId "441325"]
[EventDate "2024.07.27"]

1. Nf3 Nf6 2. c4 g6 3. g3 Bg7 4. Bg2 d5 5. cxd5 Nxd5 6. O-O Nc6 7. Nc3 O-O 8. d4
Nb6 9. d5 Na5 10. Qc2 c6 11. dxc6 Nxc6 12. Rd1 Bd7 13. Qe4 Bxc3 14. bxc3 Bf5 15.
Rxd8 Bxe4 16. Rxf8+ 1/2-1/2

[Event "110th ch-GBR 2024"]
[Site "Hull ENG"]
[Date "2024.08.04"]
[Round "9.19"]
[White "Yao, Lan"]
[Black "Bradbury, Neil H"]
[Result "1-0"]
[WhiteTitle "WGM"]
[BlackTitle "IM"]
[WhiteElo "2325"]
[BlackElo "2153"]
[WhiteFideId "8610835"]
[BlackFideId "400513"]
[EventDate "2024.07.27"]

1. e4 c6 2. d4 d5 3. Nd2 dxe4 4. Nxe4 Nf6 5. Nxf6+ exf6 6. c3 Bd6 7. Bd3 O-O 8.
Qc2 Re8+ 9. Ne2 h5 10. Be3 h4 11. O-O-O Qa5 12. Kb1 Be6 13. c4 b5 14. d5 cxd5
15. cxd5 Bd7 16. Bh7+ Kf8 17. Rd4 h3 18. Bf5 hxg2 19. Rg1 Rc8 20. Qd3 Bxh2 21.
Rxg2 Qe1+ 22. Nc1 Qh1 23. Be4 f5 24. Qa3+ 1-0

[Event "110th ch-GBR 2024"]
[Site "Hull ENG"]
[Date "2024.08.04"]
[Round "9.20"]
[White "Richardson, John R"]
[Black "Mannion, Stephen R"]
[Result "1/2-1/2"]
[WhiteTitle "FM"]
[BlackTitle "IM"]
[WhiteElo "2299"]
[BlackElo "2139"]
[WhiteFideId "401617"]
[BlackFideId "2400111"]
[EventDate "2024.07.27"]

1. d4 d5 2. Nf3 Nf6 3. c4 dxc4 4. g3 Nc6 5. Qa4 a6 6. Qxc4 e6 7. Bg2 Be7 8. O-O
O-O 9. a3 Rb8 10. Bf4 Nd5 11. Bd2 Nb6 12. Qc2 Nxd4 13. Nxd4 Qxd4 14. Qxc7 Bd6
15. Qc3 Be5 16. Qxd4 1/2-1/2

[Event "110th ch-GBR 2024"]
[Site "Hull ENG"]
[Date "2024.08.04"]
[Round "9.21"]
[White "Boswell, Jacob Connor"]
[Black "Golding, Alex"]
[Result "1/2-1/2"]
[BlackTitle "FM"]
[WhiteElo "2241"]
[BlackElo "2296"]
[WhiteFideId "427110"]
[BlackFideId "427241"]
[EventDate "2024.07.27"]

1. d4 Nf6 2. c4 e6 3. Nf3 d5 4. Nc3 c6 5. e3 Nbd7 6. Be2 Bd6 7. O-O O-O 8. b3
Ne4 9. Nxe4 dxe4 10. Nd2 f5 11. f3 exf3 12. Nxf3 e5 13. dxe5 Nxe5 14. Nxe5 Bxe5
15. Qxd8 Rxd8 16. Rb1 Bc7 17. Ba3 Be6 18. Rbd1 Bb6 19. c5 Bc7 20. Bb2 Rxd1 21.
Rxd1 Rd8 22. Rxd8+ Bxd8 23. Kf2 g6 24. Be5 Be7 25. Bd4 Kf7 26. g3 Bd5 27. Bd3
Ke6 28. Ke2 Bd8 29. Bc3 Bc7 30. Kf2 h5 31. h4 a5 32. Be2 a4 33. Bc4 axb3 34.
axb3 b5 35. cxb6 Bxb6 36. Ke2 Bc7 37. Kf2 Bd8 38. Bd4 g5 39. hxg5 Bxg5 40. Ke2
Be7 41. Kf2 Bd6 42. Bc3 Be5 43. Ba5 Bb2 44. Bc7 Be5 45. Ba5 Bd6 46. Bc3 Bc7 47.
Bg7 Bd8 48. Bc3 Bxc4 49. bxc4 Bc7 1/2-1/2

[Event "110th ch-GBR 2024"]
[Site "Hull ENG"]
[Date "2024.08.04"]
[Round "9.22"]
[White "Shafi, Declan"]
[Black "Mirzoeva, Elmira"]
[Result "1/2-1/2"]
[BlackTitle "WGM"]
[WhiteElo "2222"]
[BlackElo "2282"]
[WhiteFideId "2405156"]
[BlackFideId "4127951"]
[EventDate "2024.07.27"]

1. Nf3 d5 2. d4 Nf6 3. c4 c6 4. Qb3 dxc4 5. Qxc4 Bf5 6. g3 e6 7. Bg2 Be7 8. O-O
O-O 9. e3 Nbd7 10. Qe2 Rc8 11. Nc3 Ne4 12. Ne1 Nxc3 13. bxc3 Qa5 14. e4 Bg6 15.
Bd2 c5 16. f4 cxd4 17. cxd4 Qa4 18. Be3 Qa5 19. Bd2 Qa4 20. Be3 Rc3 21. g4 f6
22. Bf2 Rfc8 23. f5 Bf7 24. e5 fxe5 25. dxe5 Qc4 26. Qxc4 R8xc4 27. Bg3 Rxg4 28.
Bh3 exf5 29. Bxg4 fxg4 30. Rd1 Be6 31. Rd3 Rc1 32. Rd2 Nc5 33. Ng2 Rxf1+ 34.
Kxf1 g5 35. Rc2 h5 36. Bf2 b6 37. Ne3 h4 38. Ke2 Kg7 39. Rc1 Kg6 40. a3 Kh5 41.
Rd1 Ne4 42. Rd4 Nxf2 43. Kxf2 Bxa3 44. Ra4 Bc5 45. Rxa7 Kg6 46. Ke2 g3 47. hxg3
h3 48. Ra8 Kg7 49. Ra7+ Kg8 50. Ra8+ Kg7 51. Ra7+ Kg6 52. Ra8 Bd4 53. Kf3 Bxe5
54. Ra4 h2 55. Kg2 Bxg3 56. Rb4 Bc7 57. Rb2 Bc8 58. Kh1 Bb7+ 59. Ng2 Kf6 60.
Rf2+ Ke6 61. Rf6+ Kd7 62. Rf7+ Kc6 63. Rf6+ Bd6 64. Rg6 b5 65. Rxg5 b4 66. Rb5
Ba6 67. Ra5 Bb5 68. Ra1 Kc5 69. Rc1+ Kd4 70. Rd1+ Kc5 71. Rc1+ Kb6 72. Ne3 Bc6+
73. Rxc6+ Kxc6 74. Nc2 Kc5 75. Nxb4 Kxb4 76. Kg2 1/2-1/2

[Event "110th ch-GBR 2024"]
[Site "Hull ENG"]
[Date "2024.08.04"]
[Round "9.23"]
[White "Lewis, Andrew P"]
[Black "Starley, Robert"]
[Result "1-0"]
[WhiteTitle "FM"]
[WhiteElo "2272"]
[BlackElo "2028"]
[WhiteFideId "400955"]
[BlackFideId "421006"]
[EventDate "2024.07.27"]

1. c4 e5 2. Nc3 Nf6 3. Nf3 Nc6 4. a3 a5 5. e3 g6 6. d4 exd4 7. exd4 d5 8. Bg5
dxc4 9. Qe2+ Be6 10. d5 h6 11. Bxf6 Qxf6 12. dxe6 O-O-O 13. Qxc4 Nd4 14. O-O-O
Nxe6 15. Rxd8+ Qxd8 16. Qd5 Bd6 17. Qxa5 Kb8 18. Bc4 Bf4+ 19. Kb1 Qf6 20. Nb5
Qf5+ 21. Ka1 Qc5 22. Bxe6 fxe6 23. Qc3 Qf8 24. Qd4 c6 25. Qa7+ Kc8 26. Qa8+ Bb8
27. Nfd4 Qc5 28. Kb1 Qb6 29. Rc1 Kd7 30. Qa4 cxb5 31. Nxb5 Ke7 32. Rd1 Rd8 33.
Qb4+ Kf7 34. Rxd8 Qxd8 35. Nc3 Qd7 36. Qe4 Ba7 37. Kc2 Kg7 38. f3 Kf7 39. Qd3
Qc7 40. Qe4 Bb8 41. g3 Qd7 42. b4 Kf6 43. Qd3 Qc8 44. Kb3 Kf7 45. Qd4 Qc6 46.
Qh8 Bc7 47. Qh7+ Kf6 48. Qxh6 b5 49. Qf8+ Kg5 50. h4+ Kh5 51. Qh8# 1-0

[Event "110th ch-GBR 2024"]
[Site "Hull ENG"]
[Date "2024.08.04"]
[Round "9.24"]
[White "Kalavannan, Koby"]
[Black "Salmons, Calum"]
[Result "0-1"]
[WhiteTitle "FM"]
[WhiteElo "2265"]
[BlackElo "1999"]
[WhiteFideId "425753"]
[BlackFideId "437280"]
[EventDate "2024.07.27"]

1. d4 d5 2. Nf3 Nf6 3. c4 c6 4. Nbd2 Bf5 5. Nh4 Be4 6. Qb3 Qc7 7. Nxe4 Nxe4 8.
cxd5 Qa5+ 9. Kd1 Nxf2+ 10. Kc2 Qb6 11. Qxb6 axb6 12. Rg1 cxd5 13. Bf4 Nc6 14. e3
g6 15. Bb5 Bg7 16. Rgf1 Ne4 17. Bc7 O-O 18. Bxb6 Rfc8 19. Kd1 Nb4 20. Rf3 Rxa2
21. Rxa2 Nxa2 22. Bd3 Rc1+ 23. Ke2 Rc6 24. Bxe4 dxe4 25. Rf4 Rxb6 26. Rxe4 Rxb2+
27. Kd3 Bf6 28. d5 Rb4 0-1

[Event "110th ch-GBR 2024"]
[Site "Hull ENG"]
[Date "2024.08.04"]
[Round "9.25"]
[White "Merriman, John"]
[Black "Sooraj, M R"]
[Result "1/2-1/2"]
[WhiteTitle "FM"]
[WhiteElo "2251"]
[BlackElo "1999"]
[WhiteFideId "402362"]
[BlackFideId "35014730"]
[EventDate "2024.07.27"]

1. d4 f5 2. g3 Nf6 3. Bg2 g6 4. Nh3 d6 5. c3 c6 6. Qb3 Bg7 7. Nf4 Qd7 8. Nd2 e5
9. dxe5 dxe5 10. Nd3 e4 11. Nf4 g5 12. Nh3 h6 13. O-O Qe7 14. f3 Be6 15. Qc2 e3
16. Nb3 c5 17. Kh1 Nd5 18. a3 Nc6 19. c4 Nb6 20. Bxe3 Bxc4 21. Bf2 Bxb3 22. Qxb3
Nd4 23. Bxd4 cxd4 24. f4 g4 25. Nf2 Qf7 26. Qxf7+ Kxf7 27. Rac1 Rae8 28. Rc7+
Re7 29. Rfc1 Bf6 30. Rxb7 h5 31. Rxe7+ Bxe7 32. Nd3 Bd6 33. Kg1 Rc8 34. Rxc8
Nxc8 35. Kf1 Ke6 36. a4 Nb6 37. b3 a5 38. Ke1 Nd7 39. Kd2 Nc5 40. Nxc5+ Bxc5 41.
Kd3 Kd6 42. Bb7 Ke6 43. Bc8+ Kf6 44. Kc4 Bb4 45. Kxd4 Be1 46. Ke3 Bb4 47. Kf2
Bc5+ 48. e3 Bb4 49. Bd7 Kg6 50. Bc6 Be7 51. Ke2 Bc5 52. Kd3 Bb4 53. Kd4 Be1 54.
Be8+ Kh6 55. Bd7 Kg6 56. Ke5 Bc3+ 57. Ke6 Bd2 58. e4 fxe4 59. f5+ Kg7 60. f6+
Kf8 61. Bc6 e3 62. Bb5 Be1 63. Kf5 h4 64. Kxg4 hxg3 65. hxg3 Kf7 66. Kf4 Kxf6
67. g4 Bd2 68. Be2 Kg7 69. Kf5 Bb4 70. g5 Bd2 1/2-1/2

[Event "110th ch-GBR 2024"]
[Site "Hull ENG"]
[Date "2024.08.04"]
[Round "9.26"]
[White "Kanyamarala, Trisha"]
[Black "Hryshchenko, Kamila"]
[Result "1-0"]
[WhiteTitle "WIM"]
[BlackTitle "WFM"]
[WhiteElo "2165"]
[BlackElo "2181"]
[WhiteFideId "45004722"]
[BlackFideId "14147491"]
[EventDate "2024.07.27"]

1. d4 d6 2. Nf3 g6 3. c4 Bg7 4. Nc3 Nf6 5. e4 O-O 6. Be2 e5 7. d5 Nbd7 8. h3 Nh5
9. g3 a5 10. Bg5 Nhf6 11. Qc2 Nc5 12. g4 a4 13. Nd2 Bd7 14. a3 Qc8 15. Be3 Ne8
16. g5 f5 17. f3 f4 18. Bf2 Bxh3 19. Bxc5 dxc5 20. Nxa4 b6 21. O-O-O Bd7 22. Nc3
Nd6 23. Rdg1 Qd8 24. Rg2 Rf7 25. Qd1 Bf8 26. Qg1 Be7 27. Nf1 Rg7 28. Nh2 Nf7 29.
Ng4 Bxg4 30. Rxg4 Bxg5 31. Qf2 Bf6 32. Bf1 Nd6 33. Rgg1 Qc8 34. a4 Qa6 35. b3
Qa5 36. Kc2 Qb4 37. Qd2 Kf8 38. Bh3 Ke7 39. Be6 h5 40. Rg2 Rh8 41. Rgh2 Qa5 42.
Qf2 Ra8 43. Rg2 Qb4 44. Qg1 g5 45. Rxh5 b5 46. Rhxg5 Rxg5 47. Rxg5 Nf7 48. Rg7
Rf8 49. Bxf7 Rxf7 50. d6+ Ke8 51. dxc7 Rxg7 52. c8=Q+ Kf7 53. Qd7+ Kf8 54. Qd6+
Kf7 55. Qh2 bxc4 56. Qxf6+ 1-0

[Event "110th ch-GBR 2024"]
[Site "Hull ENG"]
[Date "2024.08.04"]
[Round "9.27"]
[White "Banerjee, Supratit"]
[Black "Sanger, Jake M"]
[Result "0-1"]
[WhiteTitle "CM"]
[WhiteElo "2161"]
[BlackElo "2026"]
[WhiteFideId "2410079"]
[BlackFideId "2406136"]
[EventDate "2024.07.27"]

1. e4 c5 2. c3 Nf6 3. e5 Nd5 4. Nf3 Nc6 5. Bc4 Nb6 6. Bb3 c4 7. Bc2 d6 8. exd6
e6 9. O-O Bxd6 10. a4 Bd7 11. d3 cxd3 12. Qxd3 Qc7 13. Rd1 Nd5 14. b4 Ne5 15.
Qe2 Nxf3+ 16. Qxf3 Bxh2+ 17. Kh1 Be5 18. Be4 Nxc3 19. Rxd7 Qxd7 20. Nxc3 Rc8 21.
Ra3 Qd4 22. Na2 Qa1 23. Qd1 Bb2 24. Bxb7 Rxc1 25. Nxc1 Bxa3 26. Qd6 Qxc1+ 27.
Kh2 Qh6+ 28. Kg1 f5 29. Qb8+ Kf7 30. Qxh8 Qc1+ 31. Kh2 Qc7+ 32. g3 Qxb7 33. Qxh7
Qf3 34. Kg1 Bxb4 35. Qh4 Bc5 36. Qh2 Qxf2+ 37. Qxf2 Bxf2+ 38. Kxf2 e5 0-1

[Event "110th ch-GBR 2024"]
[Site "Hull ENG"]
[Date "2024.08.04"]
[Round "9.28"]
[White "Kalaiyalahan, Akshaya"]
[Black "Madhavan, Sanjith"]
[Result "1/2-1/2"]
[WhiteTitle "FM"]
[WhiteElo "2137"]
[BlackElo "1950"]
[WhiteFideId "422894"]
[BlackFideId "2408562"]
[EventDate "2024.07.27"]

1. Nf3 Nf6 2. g3 g6 3. Bg2 Bg7 4. d4 O-O 5. c4 d6 6. Nc3 c5 7. O-O Nc6 8. dxc5
dxc5 9. Bf4 Nh5 10. Be3 b6 11. Ne5 Bxe5 12. Qxd8 Rxd8 13. Bxc6 Rb8 14. Rac1 Bh3
15. Rfe1 Ng7 16. b3 Nf5 17. Bf4 Bxf4 18. gxf4 Rd2 19. Be4 Rbd8 20. Bb1 Nd4 21.
Be4 Bg4 22. f3 Bf5 23. Kf2 Bxe4 24. fxe4 Nc2 25. Red1 Nb4 26. Nd5 Rxd1 27. Rxd1
Kf8 28. Rg1 Nc2 29. Rc1 Nd4 30. e3 Nc6 31. Ke2 e6 32. Nf6 Ke7 33. e5 Nb8 34. h3
h5 35. Ne4 Nd7 36. Rd1 Nb8 37. Rxd8 Kxd8 38. Nd6 Ke7 39. Nc8+ Ke8 40. Nxa7 f6
41. exf6 Kf7 42. a3 Kxf6 43. b4 cxb4 44. axb4 e5 45. c5 bxc5 46. bxc5 exf4 47.
exf4 Ke6 48. c6 Kd6 49. Nc8+ Kxc6 50. Ne7+ Kd6 51. Nxg6 Ke6 52. Ne5 Na6 53. Ke3
Nc5 54. Nc6 Kf6 55. Nd4 Nd7 56. Ne2 Kg6 57. Ke4 Nf6+ 58. Ke5 Nd7+ 59. Kd6 Nf6
60. Ke6 Ne4 61. Ke5 Nc5 62. h4 Nd3+ 63. Ke6 Nc5+ 64. Kd5 Nd3 65. Ke4 Nc5+ 66.
Kd4 Nd7 67. Ng3 Kf6 68. f5 Ne5 69. Ke4 Ng4 70. Nxh5+ Kf7 71. Kf4 Nf2 72. Kf3 Nd3
73. Ng3 Kf6 74. Ke3 Ne1 75. Kf2 Nd3+ 76. Ke2 Nf4+ 77. Kf3 Nd5 78. h5 Kg5 79. Ke4
Ne7 80. h6 Kxh6 81. f6 Ng6 82. Kf5 Nf8 83. Ne4 Kh7 84. Ng5+ Kg8 85. f7+ Kg7 86.
Ke5 Kg6 87. Kd6 Kxg5 88. Ke7 Ng6+ 89. Ke8 1/2-1/2

[Event "110th ch-GBR 2024"]
[Site "Hull ENG"]
[Date "2024.08.04"]
[Round "9.29"]
[White "Evans, Ruben"]
[Black "Pal, Rohan"]
[Result "0-1"]
[WhiteElo "1954"]
[BlackElo "2077"]
[WhiteFideId "472018"]
[BlackFideId "462489"]
[EventDate "2024.07.27"]

1. d4 Nf6 2. c4 e6 3. Nf3 d5 4. cxd5 exd5 5. Nc3 c6 6. Bg5 Be7 7. e3 Bf5 8. Bd3
Bxd3 9. Qxd3 O-O 10. O-O Nbd7 11. a3 a5 12. Rac1 Re8 13. h3 Ne4 14. Bf4 Bd6 15.
Bxd6 Nxd6 16. b3 Qe7 17. Rc2 g6 18. Nd2 Kg7 19. Re1 h5 20. f3 Nf5 21. e4 Rad8
22. Ne2 dxe4 23. fxe4 Nd6 24. Nc3 Nc8 25. Qg3 Qxa3 26. e5 Qb4 27. Ne2 Nxe5 28.
Nf4 Qxd4+ 29. Kh2 Kh7 30. Re4 Qd6 31. Kh1 Nd7 32. Rec4 Ncb6 33. R4c3 Nd5 34.
Nxd5 Qxg3 35. Rxg3 cxd5 36. Rc7 b6 37. Nf3 Kg7 38. Nd4 Nc5 39. Rf3 Rd7 40. Rc6
Re4 41. Nb5 Rb4 42. Nd6 Rxb3 43. Rf1 Rxd6 44. Rxd6 Ne4 45. Rxd5 Ng3+ 0-1

[Event "110th ch-GBR 2024"]
[Site "Hull ENG"]
[Date "2024.08.04"]
[Round "9.30"]
[White "Southcott-Moyers, Indy"]
[Black "Verma, Shlok"]
[Result "1/2-1/2"]
[WhiteTitle "CM"]
[WhiteElo "2200"]
[BlackElo "2102"]
[WhiteFideId "488542"]
[BlackFideId "441228"]
[EventDate "2024.07.27"]

1. c4 e6 2. d4 d5 3. Nf3 Nf6 4. Nc3 dxc4 5. e4 b5 6. e5 Nd5 7. Nxb5 Nb6 8. Be2
Be7 9. O-O Nc6 10. Be3 O-O 11. Qc1 a6 12. Nc3 Bb7 13. Rd1 Nb4 14. a3 N4d5 15.
Nxd5 exd5 16. Nd2 Bc8 17. b3 cxb3 18. Nxb3 Bd7 19. Na5 Ba4 20. Nc6 Qd7 21. Nxe7+
Qxe7 22. Re1 Bb5 23. Bd1 Nc4 24. Bc2 Nxe3 25. Rxe3 c5 26. Rh3 h6 27. Rg3 Kh8 28.
Qf4 cxd4 29. Qf5 d3 30. Bxd3 Bxd3 31. Rxd3 Qe6 32. Qf4 Rfe8 33. Re1 Rac8 34. Qd4
Red8 35. h3 Rd7 1/2-1/2

[Event "110th ch-GBR 2024"]
[Site "Hull ENG"]
[Date "2024.08.04"]
[Round "9.31"]
[White "Brewer, Callum D"]
[Black "Lentzos, Ioanis"]
[Result "1-0"]
[WhiteElo "2182"]
[BlackElo "2119"]
[WhiteFideId "435309"]
[BlackFideId "4255470"]
[EventDate "2024.07.27"]

1. e4 c6 2. d4 d5 3. f3 dxe4 4. fxe4 e5 5. Nf3 Bg4 6. c3 Nd7 7. Be2 Bd6 8. Nbd2
b5 9. a4 a6 10. Nxe5 Nxe5 11. dxe5 Bxe2 12. Qxe2 Bxe5 13. Nf3 Qe7 14. axb5 cxb5
15. Rxa6 Rb8 16. O-O Nf6 17. Nxe5 Qxe5 18. Rf5 Qe7 19. Bf4 Qb7 20. Re5+ Kd8 21.
Rd6+ Nd7 22. Rxd7+ Kxd7 23. Qd3+ 1-0

[Event "110th ch-GBR 2024"]
[Site "Hull ENG"]
[Date "2024.08.04"]
[Round "9.32"]
[White "Larchikov, Maksym"]
[Black "Rida, Ruqayyah"]
[Result "1-0"]
[BlackTitle "WCM"]
[WhiteElo "2181"]
[BlackElo "2064"]
[WhiteFideId "34120815"]
[BlackFideId "343272375"]
[EventDate "2024.07.27"]

1. d4 Nf6 2. c4 g6 3. Nf3 Bg7 4. Nc3 O-O 5. e4 d6 6. Be2 e5 7. O-O Nc6 8. d5 Ne7
9. Ne1 Nd7 10. Nd3 f5 11. exf5 gxf5 12. f4 e4 13. Nf2 Nc5 14. Be3 Ng6 15. g3 Re8
16. Qd2 a5 17. Bd4 Qe7 18. Nfd1 Bd7 19. Ne3 Nd3 20. Bxg7 Qxg7 21. Bxd3 Qd4 22.
Rad1 exd3 23. Rfe1 Re7 24. Qxd3 Qg7 25. Kh1 Rae8 26. Nc2 c6 27. Rxe7 Rxe7 28.
Re1 Qf7 29. Rxe7 Qxe7 30. Qe3 cxd5 31. Nxd5 Bc6 32. Qxe7 Nxe7 33. Ne3 Kf7 34.
Kg1 Bxd5 35. cxd5 b5 36. Kf2 Kf6 37. Ke2 Nc8 38. Kd3 Nb6 39. b3 Nd7 40. Nd1 Nc5+
41. Kd4 Na6 42. Nc3 b4 43. Nb5 Ke7 44. Na7 Kd7 45. Nc6 a4 46. bxa4 Nc5 47. a5 b3
48. axb3 Nxb3+ 49. Kc3 Nc5 50. Nd4 Ne4+ 51. Kc4 Nd2+ 52. Kb5 Ne4 53. Kb6 Nc3 54.
a6 Nxd5+ 55. Kb7 Nc7 56. a7 1-0

[Event "110th ch-GBR 2024"]
[Site "Hull ENG"]
[Date "2024.08.04"]
[Round "9.33"]
[White "Murawski, Jan"]
[Black "Sachdeva, Ronit"]
[Result "0-1"]
[WhiteTitle "CM"]
[WhiteElo "2121"]
[BlackElo "1972"]
[WhiteFideId "21009287"]
[BlackFideId "343401589"]
[EventDate "2024.07.27"]

1. d4 d5 2. c4 c6 3. Nc3 Nf6 4. Nf3 dxc4 5. a4 Bf5 6. Ne5 e6 7. f3 Bb4 8. e4
Bxe4 9. fxe4 Nxe4 10. Bd2 Qxd4 11. Nxe4 Qxe4+ 12. Qe2 Bxd2+ 13. Kxd2 Qd5+ 14.
Kc2 Na6 15. Nxc4 b5 16. axb5 Nb4+ 17. Kb3 cxb5 18. Kxb4 bxc4 19. Qxc4 Rb8+ 20.
Kc3 Qe5+ 21. Kd3 O-O 22. Qc3 Rfd8+ 23. Kc2 Rdc8 24. Bc4 Qe4+ 0-1

[Event "110th ch-GBR 2024"]
[Site "Hull ENG"]
[Date "2024.08.04"]
[Round "9.34"]
[White "Rathbone-Jones, Ifan"]
[Black "Hobson, Kenneth"]
[Result "1-0"]
[BlackTitle "CM"]
[WhiteElo "2014"]
[BlackElo "2266"]
[WhiteFideId "1803859"]
[BlackFideId "480819"]
[EventDate "2024.07.27"]

1. d4 Nf6 2. Nf3 d5 3. g3 e6 4. Bg2 Be7 5. O-O O-O 6. c4 c6 7. Qc2 b6 8. Rd1 Bb7
9. b3 Na6 10. Bb2 Rc8 11. Nc3 Qc7 12. Rac1 dxc4 13. bxc4 c5 14. Nb5 Qb8 15. d5
exd5 16. cxd5 Nb4 17. Bxf6 Nxc2 18. Bxe7 Ba6 19. a4 Bxb5 20. axb5 Na3 21. d6 f6
22. d7 Nxb5 23. dxc8=R Qxc8 24. Bxf8 Kxf8 25. Nd4 Nxd4 26. Rxd4 Qe6 27. Rd8+ Ke7
28. Rcd1 c4 29. R8d4 f5 30. Bd5 Qxe2 31. Bxc4 Qb2 32. Re1+ Kf6 33. Re6+ 1-0

[Event "110th ch-GBR 2024"]
[Site "Hull ENG"]
[Date "2024.08.04"]
[Round "9.35"]
[White "Toma, Katarzyna"]
[Black "Dicen, Elis Denele"]
[Result "1/2-1/2"]
[WhiteTitle "WGM"]
[BlackTitle "WCM"]
[WhiteElo "2241"]
[BlackElo "2060"]
[WhiteFideId "1119907"]
[BlackFideId "462560"]
[EventDate "2024.07.27"]

1. e4 c5 2. Nf3 d6 3. c3 Nf6 4. Bd3 Nc6 5. Bc2 g6 6. h3 Bg7 7. d4 cxd4 8. cxd4
O-O 9. Nc3 e5 10. d5 Ne7 11. O-O Bd7 12. Be3 b6 13. Ba4 Rc8 14. Bxd7 Qxd7 15.
Rc1 h6 16. Qd3 Nh5 17. Qb5 Qb7 18. Nd2 f5 19. f3 Rfd8 20. a4 Rb8 21. Ne2 a6 22.
Qb4 b5 23. a5 Rd7 24. Rc2 Kh7 25. Rfc1 Nf6 26. Rc6 Ne8 27. Rb6 Qa8 28. Nc4 Rbd8
29. Na3 Nc7 30. Qd2 Nexd5 31. exd5 Nxd5 32. Rbc6 Ne7 33. Rc7 d5 34. Rxd7 Rxd7
35. f4 d4 36. fxe5 Qe4 37. Nxd4 Bxe5 38. Nac2 Nc6 39. Rd1 Bc7 40. Qc3 Bxa5 41.
b4 Bc7 42. Re1 Nxd4 43. Bxd4 Qf4 44. Re8 Qh2+ 45. Kf2 Qf4+ 46. Ke2 g5 47. Qc6
Qd6 48. Qxd6 Bxd6 49. Kd3 h5 50. Ra8 g4 51. Rxa6 f4 52. Ra7 Rxa7 53. Bxa7 f3 54.
hxg4 hxg4 55. gxf3 gxf3 56. Bc5 f2 57. Ke2 Be5 58. Nd4 Bf4 59. Nf3 Bc1 60. Kxf2
Ba3 61. Nd4 Kg6 62. Nxb5 Bxb4 63. Bxb4 Kf5 64. Ke3 Ke5 65. Nc3 Ke6 66. Ke4 Kd7
67. Kd5 Kc7 68. Bc5 Kb7 69. Kd6 Ka8 70. Kc6 Kb8 71. Nb5 Ka8 72. Nc7+ Kb8 73. Bd4
Kc8 74. Na6 Kd8 75. Bc5 Ke8 76. Kd6 Kf7 77. Ke5 Kg6 78. Nb4 Kg5 79. Nd3 Kg4 80.
Ke4 Kg3 81. Bd6+ Kg2 82. Ke3 Kh1 83. Ke2 Kg2 84. Nf2 Kg1 85. Be5 Kg2 86. Bf4 Kg1
87. Kf3 Kf1 88. Nd3 Kg1 89. Bg3 Kh1 90. Nf2+ Kg1 91. Bf4 Kf1 92. Nh3 Ke1 93. Nf2
Kf1 94. Nd3 Kg1 95. Ne1 Kf1 96. Ng2 Kg1 97. Bg3 Kf1 98. Nh4 Kg1 99. Nf5 Kh1 100.
Ne3 Kg1 101. Bf2+ Kh1 102. Nf5 Kh2 103. Ng3 Kh3 104. Be3 Kh2 105. Ne4 Kh1 106.
Kf2 Kh2 107. Bf4+ Kh1 108. Ng3+ Kh2 109. Bg5 Kh3 110. Kf3 Kh2 111. Ne2 Kh1 112.
Be3 Kh2 113. Bg1+ 1/2-1/2

[Event "110th ch-GBR 2024"]
[Site "Hull ENG"]
[Date "2024.08.04"]
[Round "9.36"]
[White "Merriman, James"]
[Black "Verma, Aditya"]
[Result "1/2-1/2"]
[WhiteElo "1974"]
[BlackElo "2118"]
[WhiteFideId "452270"]
[BlackFideId "426202"]
[EventDate "2024.07.27"]

1. d4 d5 2. c4 c6 3. Nc3 Nf6 4. Nf3 dxc4 5. a4 Bf5 6. e3 e6 7. Bxc4 Bb4 8. O-O
O-O 9. Qe2 Bg6 10. Rd1 Nbd7 11. Ne5 Nxe5 12. dxe5 Nd7 13. f4 Qc7 14. Bd2 Rfd8
15. Be1 Nb6 16. Bb3 Qe7 17. a5 Rxd1 18. Bxd1 Nd7 19. Bc2 Bxc2 1/2-1/2

[Event "110th ch-GBR 2024"]
[Site "Hull ENG"]
[Date "2024.08.04"]
[Round "9.38"]
[White "Mitchell, Martin"]
[Black "Beaumont, Chris R"]
[Result "1/2-1/2"]
[BlackTitle "IM"]
[WhiteElo "2159"]
[BlackElo "2198"]
[WhiteFideId "2400634"]
[BlackFideId "400424"]
[EventDate "2024.07.27"]

1. d4 Nf6 2. c4 g6 3. Nc3 Bg7 4. e4 d6 5. Be2 O-O 6. Be3 e5 7. d5 Na6 8. h4 Nc5
9. Qc2 a5 10. h5 c6 11. h6 Bh8 12. Bxc5 dxc5 13. Rd1 cxd5 14. cxd5 b6 15. Nf3
Ne8 16. Nd2 Nd6 17. Nc4 Bf6 18. Nxd6 Qxd6 19. Bb5 Bb7 20. Bc4 Bg5 21. Nb5 Qf6
22. O-O Rad8 23. Rd3 Bxh6 24. Rfd1 Rd7 25. a4 Rfd8 26. Na3 Bf8 27. Bb5 Rd6 28.
Nc4 Qe7 29. Qb3 Bg7 30. Bc6 Ba6 31. Nxd6 Qxd6 32. Bb5 Bc8 33. Bc6 Ba6 34. Rc3
Rb8 35. Bb5 Bc8 36. Be2 Bd7 37. Qc2 h5 38. b3 Bh6 39. Bc4 Rf8 40. Qe2 h4 41. Bb5
Bc8 42. Ba6 Bd7 43. Bb5 1/2-1/2

[Event "110th ch-GBR 2024"]
[Site "Hull ENG"]
[Date "2024.08.04"]
[Round "9.39"]
[White "Verbytski, Oleg"]
[Black "Arnott, Jonathan W"]
[Result "1/2-1/2"]
[BlackTitle "CM"]
[WhiteElo "2076"]
[BlackElo "2089"]
[WhiteFideId "495506"]
[BlackFideId "408077"]
[EventDate "2024.07.27"]

1. e4 e6 2. d4 d5 3. Nd2 Nf6 4. e5 Nfd7 5. Bd3 c5 6. c3 Nc6 7. Ne2 cxd4 8. cxd4
f6 9. exf6 Nxf6 10. Nf3 Bd6 11. O-O Qc7 12. Bg5 O-O 13. Rc1 Bd7 14. Re1 Nh5 15.
Ng3 Nf4 16. Bb1 Qb6 17. Ne5 Bxe5 18. dxe5 Ng6 19. Be3 Qxb2 20. Bc5 Rf7 21. Re2
Qb5 22. Bd3 Qa5 23. Bd6 Nf4 24. Rb2 Nxd3 25. Qxd3 Rc8 26. Rxb7 Qxa2 27. Qe3 d4
28. Qe1 Be8 29. Rxf7 Bxf7 30. Qe4 Bg6 31. Qg4 d3 32. h4 Ne7 33. Rxc8+ Nxc8 34.
Qf3 Qb1+ 35. Kh2 Bf7 36. Qa8 Qc2 37. Ne4 h6 38. Bc5 Kh7 39. Qxc8 d2 40. Nxd2
Qxd2 41. Be3 Qb4 42. Qc7 Qxh4+ 43. Kg1 Qh5 44. Qxa7 Bg6 45. Qd4 Qe2 46. Qd2 Qg4
47. Bf4 Be4 48. Bg3 Bd5 1/2-1/2